| 000 | 00421nam a22001697a 4500 | ||
|---|---|---|---|
| 003 | NUST - PNEC | ||
| 005 | 20170116180913.0 | ||
| 008 | 150903b xxu||||| |||| 00| 0 eng d | ||
| 020 | _a- | ||
| 040 | _cLIBRARY | ||
| 082 | _a620.112 LOW | ||
| 100 |
_97180 _aLow, Bevis Brunel |
||
| 245 |
_aStrength of materials _cBevis Burnel LOw |
||
| 260 | _cc.1949 | ||
| 650 |
_97181 _aMechanical engineering _xME |
||
| 942 |
_2ddc _cBK |
||
| 999 |
_c65331 _d65331 |
||